Oxford India short introduction: capital flows and exchange rate management (Record no. 170488)

MARC details
000 -LEADER
fixed length control field 00684nam a2200217Ia 4500
003 - CONTROL NUMBER IDENTIFIER
control field OSt
005 - DATE AND TIME OF LATEST TRANSACTION
control field 20230429122708.0
008 - FIXED-LENGTH DATA ELEMENTS--GENERAL INFORMATION
fixed length control field 210423s2013 xx 000 0 und d
020 ## - INTERNATIONAL STANDARD BOOK NUMBER
International Standard Book Number 978-0-19-807545-5
040 ## - CATALOGING SOURCE
Transcribing agency AL
041 ## - LANGUAGE CODE
Language code of text/sound track or separate title eng
082 ## - DEWEY DECIMAL CLASSIFICATION NUMBER
Classification number 332.042
Edition number 23
Item number SIKO
100 ## - MAIN ENTRY--PERSONAL NAME
Personal name SIKDAR (Soumyen (Sikdar)
9 (RLIN) 95287
245 ## - TITLE STATEMENT
Title Oxford India short introduction: capital flows and exchange rate management
260 ## - PUBLICATION, DISTRIBUTION, ETC.
Place of publication, distribution, etc. New Delhi
Name of publisher, distributor, etc. Oxford University Press
Date of publication, distribution, etc. 2013
300 ## - PHYSICAL DESCRIPTION
Extent xiv,135
Other physical details PB
365 ## - TRADE PRICE
Price amount 235
Currency code INR
650 ## - SUBJECT ADDED ENTRY--TOPICAL TERM
Topical term or geographic name entry element Financial Economics
9 (RLIN) 95288
906 ## - LOCAL DATA ELEMENT F, LDF (RLIN)
a capital ; exchange ; flows ; India ; introduction: ; management ; Oxford ; rate ; short
942 ## - ADDED ENTRY ELEMENTS (KOHA)
Source of classification or shelving scheme Dewey Decimal Classification
Koha item type Book
Holdings
Withdrawn status Lost status Damaged status Not for loan Collection code Home library Current library Date acquired Source of acquisition Cost, normal purchase price Total Checkouts Full call number Barcode Date last seen Price effective from Koha item type
        MCom Finance & Analytics St Aloysius PG Library St Aloysius PG Library 01/29/2020 Athulya Books 235.00   332.042 SIKO PG016990 08/24/2022 04/26/2021 Book